000 01244njm a22003017a 4500
005 20100914124112.0
006 a|||||r|||||00| 0
007 sd ammalaaahaa
008 100910t xxu||||| |||| 00| 0 eng d
028 _a2392010
_bPolydor
035 _aGR-02509
040 _aSED
_cSED
100 _aMangeshkar,Lata
_919365
245 _aMera goan mera desh /
_csung by Lata Mangeshkar; Music by Laxmikant Pyarelal ; Lyric by Anand Bakshi
_h[sound recording] :
246 _aमेरा गाँव मेरा देश /
260 _aDum Dum, India
_bPolyder
_cn.d.
300 _a1 sound disc [Gramophone Recording] :
_banalog, 33 1/3 rpm
_c12.5 in. (LP)
_fGramaphone Records
500 _aBrief record
500 _aRecord Lebels : Polydor, Red
505 _aSide-1 थीम म्यूजिक (Theme Music) (Instrumental) Side-2 मार दिया जाये (Maare diya jaye) (Lata Mangshekar).
600 _aMangeshkar, Lata
_919611
650 _2Excerpts.
_aFilm Song
_bIndia
_919366
650 _aInstrumental
_920143
700 _aLaxmikant Pyarelal
_919943
700 _aBakshi,Anand
_920144
942 _2ddc
_cGR
999 _c45895
_d45895